000 00978cam a2200217 4500
001 WB3941-07
008 031028n2003 000 0 eng u
035 _a(Sirsi) u124103
245 _aIndex of distribution
260 _c2003
490 _aOffice for National Statistics News Release
_v 27 October 2003 (7)
520 _aThe latest Office for National Statistics (ONS) "Index of distribution" reveals that in the three months to August, the seasonally adjusted chained volume index for the distribution industries grew by 0.9% compared with the previous three months. The biggest contribution to growth was from retailing. http://www.gnn.gov.uk/gnn/national.nsf/(Redirect)?OpenAgent&D=gnn/national.nsf&V=Daily+News&I=4EAF2B99FE71A06B80256DCC003DCC91&A=dist.pdf.
590 _aWB
650 _aDISTRIBUTION INDUSTRY
650 _aOFFICE OF NATIONAL STATISTICS
650 _aGROWTH
650 _aRETAILING
650 _aINDEXES
690 _aECONOMY
942 _n0
999 _c73666
_d73666